[Event "Druzynowe Mistrzostwa Polski Juniorow 2019 - II Liga"]
[Site "Szczyrk"]
[Date "1899-12-30"]
[Round "8.117"]
[White "Derylo, Maksymilian"]
[Black "Paschke, Kajetan"]
[Result "1-0"]
[WhiteTitle "II"]
[BlackTitle "III"]
[WhiteElo "1357"]
[BlackElo "1000"]

1. e4 e5 2. Nf3 Nc6 3. d4 exd4 4. Nxd4 Qf6 5. Nxc6 Qxc6 6. Nc3 Bb4 7. Qd4 Bxc3+
8. bxc3 f6 9. Bc4 Ne7 10. O-O b5 11. Bb3 Bb7 12. f3 h5 13. Ba3 g5 14. Bxe7 Kxe7
15. Rad1 h4 16. Bd5 Qa6 17. Bxb7 Qxb7 18. Qxd7+ Kf8 19. Rd6 Rh6 20. Rc6 Rc8 21.
e5 h3 22. Rxf6+ Rxf6 23. exf6 hxg2 24. Qe7+ Kg8 25. Qg7# 1-0

[Event "Druzynowe Mistrzostwa Polski Juniorow 2019 - II Liga"]
[Site "Szczyrk"]
[Date "1899-12-30"]
[Round "8.118"]
[White "Kisiel, Dominik"]
[Black "Zhydachevskyy, Yulian"]
[Result "1-0"]
[WhiteTitle "II"]
[BlackTitle "II"]
[WhiteElo "1061"]
[BlackElo "1292"]

1. e4 e5 2. Nf3 Nc6 3. Bb5 d6 4. Nc3 Nf6 5. d3 Be7 6. Bg5 h6 7. Bxf6 Bxf6 8. h3
Bd7 9. O-O g5 10. Nh2 Nd4 11. Bxd7+ Qxd7 12. Nd5 Be7 13. Ng4 O-O-O 14. c3 Ne6
15. Qf3 Nf4 16. Nxf4 exf4 17. a4 f5 18. exf5 h5 19. Nh2 Qxf5 20. a5 Rdg8 21. a6
c6 22. axb7+ Kxb7 23. Ra3 g4 24. Qd1 gxh3 25. Qb3+ Ka8 26. Qb6 Qc5 27. Rxa7# 1-0

[Event "Druzynowe Mistrzostwa Polski Juniorow 2019 - II Liga"]
[Site "Szczyrk"]
[Date "1899-12-30"]
[Round "8.119"]
[White "Laszczuk, Zuzanna"]
[Black "Kicinska, Magdalena"]
[Result "1-0"]
[WhiteTitle "I"]
[BlackTitle "I"]
[WhiteElo "1323"]
[BlackElo "1012"]

1. e4 c6 2. d3 d5 3. Nd2 e5 4. g3 Be6 5. Bg2 Nf6 6. Ne2 Bd6 7. O-O O-O 8. f4 Bc5+
9. Kh1 Ng4 10. Qe1 Qb6 11. d4 exd4 12. Nb3 d3 13. Nxc5 dxe2 14. Qxe2 Qxc5 15.
f5 Bxf5 16. Rxf5 Nf6 17. Rxf6 gxf6 18. Bh6 Nd7 19. Qg4+ Kh8 20. Qg7# 1-0

[Event "Druzynowe Mistrzostwa Polski Juniorow 2019 - II Liga"]
[Site "Szczyrk"]
[Date "1899-12-30"]
[Round "8.120"]
[White "Kicinska, Anna"]
[Black "Majewska, Zuzanna"]
[Result "1-0"]
[WhiteTitle "I"]
[BlackTitle "II"]
[WhiteElo "1000"]
[BlackElo "1000"]

1. d4 d5 2. Nf3 Nf6 3. Bg5 Ne4 4. Bf4 c5 5. c3 Nc6 6. Nbd2 cxd4 7. cxd4 Bf5 8.
e3 e6 9. Bb5 Nxd2 10. Qxd2 Bb4 11. Bxc6+ bxc6 12. Qxb4 f6 13. O-O g5 14. Bd6 h5
15. Qb7 Rh7 16. Qxc6+ Kf7 17. Qc7+ Qxc7 18. Bxc7 h4 19. Bd6 Be4 20. Nd2 Bd3 21.
Rfc1 Kg6 22. a4 g4 23. Rc7 Rxc7 24. Bxc7 Rc8 25. Bd6 Rc2 26. Nb3 Kf5 27. Nc5 Be2
28. b4 e5 29. dxe5 fxe5 30. h3 d4 31. hxg4+ Bxg4 32. exd4 exd4 33. f3 Bh5 34.
Rd1 Rc4 35. Nb3 Ke6 36. Bc5 1-0

[Event "Druzynowe Mistrzostwa Polski Juniorow 2019 - II Liga"]
[Site "Szczyrk"]
[Date "1899-12-30"]
[Round "9.1"]
[White "Kawalko, Adam"]
[Black "Tustanowski, Mateusz"]
[Result "0-1"]
[WhiteTitle "I+"]
[BlackTitle "I++"]
[WhiteElo "1920"]
[BlackElo "1948"]

1. e4 e5 2. Nf3 Nc6 3. Bc4 Nf6 4. d3 h6 5. O-O d6 6. c3 g5 7. Re1 g4 8. Nfd2 Be6
9. Bxe6 fxe6 10. Qb3 Qd7 11. Qxb7 Rb8 12. Qa6 h5 13. Qa4 Bh6 14. b4 O-O 15. Qc2
Qg7 16. Nf1 Bxc1 17. Qxc1 Nh7 18. Qe3 Ng5 19. Nbd2 h4 20. Kh1 Rf6 21. f3 h3 22.
fxg4 hxg2+ 23. Kxg2 Qh6 24. Qg3 Rbf8 25. Re3 Rf2+ 26. Kg1 Ne7 27. h4 Nh7 28. Rd1
R2f4 29. Rf3 Ng6 30. h5 Ng5 31. Rxf4 exf4 32. Qg2 f3 33. Qg3 Nf4 34. Kh1 Nxd3
35. Nh2 Nh3 36. g5 Ndf2+ 0-1

[Event "Druzynowe Mistrzostwa Polski Juniorow 2019 - II Liga"]
[Site "Szczyrk"]
[Date "1899-12-30"]
[Round "9.2"]
[White "Kukula, Karol"]
[Black "Madajczak, Jakub"]
[Result "1-0"]
[WhiteTitle "I"]
[BlackTitle "I"]
[WhiteElo "1770"]
[BlackElo "1631"]

1. e4 c5 2. Nf3 g6 3. d4 cxd4 4. Qxd4 Nf6 5. Nc3 Nc6 6. Qa4 Bg7 7. e5 Ng8 8. Bf4
Nh6 9. h3 O-O 10. Nd5 Kh8 11. O-O-O Ng8 12. h4 Qa5 13. Qxa5 Nxa5 14. h5 h6 15.
hxg6 fxg6 16. Bd3 e6 17. Nf6 Nc6 18. Nxg8 Rxf4 19. Nxh6 Nb4 20. Nf5+ Kg8 21. Nxg7
Kxg7 22. Rh2 Nxa2+ 23. Kb1 Nb4 24. Ng5 Nxd3 25. Rxd3 Kf8 26. Rh8+ Ke7 27. Rdh3
Rf8 28. Rxf8 Kxf8 29. Rh8+ Kg7 30. Rd8 d6 31. exd6 Kf6 32. Ne4+ Ke5 33. f3 1-0

[Event "Druzynowe Mistrzostwa Polski Juniorow 2019 - II Liga"]
[Site "Szczyrk"]
[Date "1899-12-30"]
[Round "9.3"]
[White "Madajczak, Piotr"]
[Black "Pisarek, Jan"]
[Result "1/2-1/2"]
[WhiteTitle "I"]
[BlackTitle "I"]
[WhiteElo "1645"]
[BlackElo "1616"]

1. c4 e5 2. Nc3 Nf6 3. Nf3 Nc6 4. e4 Bc5 5. Nxe5 Nxe5 6. d4 Bxd4 7. Qxd4 Nc6 8.
Qd1 d6 9. Be2 h6 10. O-O O-O 11. Re1 Re8 12. Bf1 Bg4 13. f3 Bh5 14. Qd2 Bg6 15.
b3 Qd7 16. Bb2 a6 17. Nd5 Nxd5 18. Qxd5 Qe6 19. Qd2 Rad8 20. Rad1 f5 21. Bd3 Qf7
22. exf5 Bxf5 23. Qc3 Rxe1+ 24. Rxe1 Bxd3 25. Qxd3 Re8 26. Rxe8+ Qxe8 27. Qc3
Nd4 28. Qd2 Ne6 29. Qd5 Qg6 30. h3 Qb1+ 31. Kh2 Qxb2 32. Qxe6+ Kh7 33. Qf5+ Kg8
34. Qc8+ Kh7 35. Qf5+ 1/2-1/2

[Event "Druzynowe Mistrzostwa Polski Juniorow 2019 - II Liga"]
[Site "Szczyrk"]
[Date "1899-12-30"]
[Round "9.4"]
[White "Hryniewicz, Maciej"]
[Black "Karp, Kacper"]
[Result "0-1"]
[WhiteTitle "II"]
[BlackTitle "I"]
[WhiteElo "1260"]
[BlackElo "1601"]

1. e4 c5 2. Nf3 e6 3. d4 cxd4 4. Nxd4 Nf6 5. Nc3 d6 6. Be3 a6 7. a4 b6 8. Bd3 Bb7
9. O-O Nbd7 10. Bg5 Be7 11. Re1 h6 12. Bh4 O-O 13. Rb1 Rc8 14. Qd2 Qc7 15. Bg3
Nh5 16. Na2 Nxg3 17. fxg3 Nc5 18. b4 Nxa4 19. c4 Bf6 20. Nf3 b5 21. cxb5 axb5
22. Rec1 Qb6+ 23. Kh1 Rxc1+ 24. Rxc1 Nb2 25. Bb1 Nc4 26. Qd3 g6 27. Nc3 Rc8 28.
Ba2 Nb2 29. Qd2 Bxc3 30. Rxc3 Rxc3 31. Qxc3 Nd1 32. Qd2 Nf2+ 33. Kg1 Nxe4+ 34.
Kf1 Nxd2+ 35. Nxd2 Qd4 36. Nf3 Qa1+ 37. Kf2 Qxa2+ 38. Kg1 g5 39. Kh1 g4 40. Ng1
Bxg2# 0-1

[Event "Druzynowe Mistrzostwa Polski Juniorow 2019 - II Liga"]
[Site "Szczyrk"]
[Date "1899-12-30"]
[Round "9.5"]
[White "Krzyzosiak, Marta"]
[Black "Pisarek, Elzbieta"]
[Result "1-0"]
[WhiteTitle "I++"]
[BlackTitle "I"]
[WhiteElo "1631"]
[BlackElo "1605"]

1. c4 e5 2. Nc3 Nf6 3. Nf3 Nc6 4. e4 Bc5 5. Nxe5 Nxe5 6. d4 Bxd4 7. Qxd4 d6 8.
Bg5 h6 9. Bh4 Nc6 10. Qd1 g5 11. Bg3 Qe7 12. f3 Bd7 13. Qd2 O-O-O 14. O-O-O a6
15. Kb1 Ne5 16. Nd5 Nxd5 17. cxd5 f5 18. Rc1 fxe4 19. fxe4 Be8 20. Qb4 c6 21.
Bxe5 Qxe5 22. dxc6 Bxc6 23. Bxa6 bxa6 24. Rxc6+ Kd7 25. Rhc1 Ke7 26. Rxa6 Qxh2
27. Qd4 Qe5 28. Qxe5+ dxe5 29. Rc5 Rd6 30. Rxe5+ Kd7 31. Rxd6+ Kxd6 32. Rd5+ Kc6
33. Kc2 Rf8 34. Rf5 Re8 35. Kd3 Rd8+ 36. Kc3 Re8 37. Kd4 Ra8 38. a3 Ra4+ 39. Kd3
Kd6 40. Rf6+ Ke5 41. Rxh6 Kf4 42. Rh3 g4 43. Re3 Ke5 44. g3 Ra8 45. Kc2 Rf8 46.
Kd1 Rd8+ 47. Ke2 Rh8 48. Kf1 Rh2 49. b4 Rb2 50. Ke1 Kd4 51. Re2 Rb3 52. e5 Rf3
53. e6 Rf8 54. e7 Re8 55. a4 Kd5 56. b5 Kc5 57. Re4 Kb6 58. Ke2 Kc5 59. Ke3 Kd6
60. Kf4 Kd5 61. Re2 Kc5 62. Kxg4 1-0

[Event "Druzynowe Mistrzostwa Polski Juniorow 2019 - II Liga"]
[Site "Szczyrk"]
[Date "1899-12-30"]
[Round "9.6"]
[White "Bialek, Alicja"]
[Black "Krzyzosiak, Anna"]
[Result "0-1"]
[WhiteTitle "I"]
[BlackTitle "I++"]
[WhiteElo "1367"]
[BlackElo "1546"]

1. e4 c5 2. Nf3 d6 3. Bb5+ Bd7 4. Bxd7+ Nxd7 5. O-O Ngf6 6. Qe2 g6 7. c3 Bg7 8.
d4 cxd4 9. cxd4 O-O 10. e5 Ne8 11. e6 Nb6 12. exf7+ Rxf7 13. Ng5 Rf6 14. Ne6 Qd7
15. Nxg7 Nxg7 16. Bg5 Rf7 17. Re1 Nf5 18. Qd3 Raf8 19. Nc3 Kg7 20. d5 h6 21. Bd2
Kh7 22. Qh3 Nc4 23. Bxh6 Rh8 24. Be3+ Kg8 25. Qg4 Ncxe3 26. Rxe3 Rh4 27. Qxg6+
Rg7 28. Qe6+ Qxe6 29. Rxe6 Nd4 30. Re3 Nc2 31. Rae1 Nxe1 32. Rxe1 Rgh7 33. h3
Rg7 34. Kf1 Rf4 35. a3 Rgf7 36. Re2 Rd4 37. g4 a6 38. Kg2 b5 39. f3 Rdf4 40. Rf2
Kg7 41. Ne4 Kg6 42. h4 a5 43. Ng5 R7f6 44. Ne6 Rc4 45. h5+ Kh7 46. g5 Rf5 47.
g6+ Kh6 48. g7 Kh7 49. h6 Rh4 50. Nf8+ Kg8 51. Re2 Rxh6 52. Rxe7 Rg5+ 53. Kf2
Rxg7 54. Re8 Kf7 55. Ra8 Rg8 56. Rxa5 Rxf8 57. Rxb5 Rf6 58. Rb4 Kg6 59. Rb3 Rf5
60. Rd3 Rb8 61. b4 Rb5 62. Rb3 Rfxd5 63. a4 Rb8 64. b5 Rd4 65. Ra3 Ra8 66. a5
Rd5 67. b6 Rdxa5 68. Rd3 d5 69. Rc3 Rb8 70. Rc6+ Kf7 71. Rc7+ Ke6 72. Rh7 Rb5
73. Rh6+ Kf7 74. Rh7+ Kg6 75. Rc7 R8xb6 76. Rd7 Kf5 77. Rf7+ Rf6 78. Re7 Kf4 79.
Re2 Rh6 80. Kg2 Rb7 81. Re8 Rg7+ 82. Kf2 Rh2+ 83. Kf1 Kxf3 84. Rf8+ Ke3 85. Re8+
Kd3 86. Ra8 Rc7 87. Kg1 Rb2 88. Ra3+ Rc3 89. Ra1 Rbc2 90. Rd1+ Rd2 91. Ra1 Kc2
92. Ra2+ Kd1 93. Ra8 Rc1 94. Rf8 Kc2+ 95. Rf1 Rxf1+ 96. Kxf1 d4 97. Ke1 d3 98.
Kf1 Re2 99. Kg1 d2 100. Kf1 d1=Q# 0-1

[Event "Druzynowe Mistrzostwa Polski Juniorow 2019 - II Liga"]
[Site "Szczyrk"]
[Date "1899-12-30"]
[Round "9.7"]
[White "Grochol, Kamil"]
[Black "Pniaczek, Marek"]
[Result "0-1"]
[WhiteTitle "I"]
[BlackTitle "CM"]
[WhiteElo "1714"]
[BlackElo "2276"]

1. e4 e5 2. Nf3 Nc6 3. Bc4 Bc5 4. c3 Nf6 5. d4 exd4 6. cxd4 Bb4+ 7. Nbd2 d5 8.
exd5 Nxd5 9. O-O O-O 10. a3 Bxd2 11. Bxd2 Bg4 12. Bc3 Rb8 13. h3 Be6 14. Ba2 Re8
15. Qc2 Nf4 16. Bxe6 Rxe6 17. Qd2 Ne2+ 18. Kh1 Qd5 19. Rfe1 Rbe8 20. Qg5 f5 21.
Rad1 h6 22. Qh5 R8e7 23. Nh4 Nxc3 24. Rxe6 Nxd1 25. Rxe7 Nxf2+ 26. Kg1 Nxe7 27.
Qe8+ Kh7 28. Qxe7 Qxd4 29. Kf1 Ne4 30. Ke2 Qd2+ 0-1

[Event "Druzynowe Mistrzostwa Polski Juniorow 2019 - II Liga"]
[Site "Szczyrk"]
[Date "1899-12-30"]
[Round "9.8"]
[White "Musial, Tomasz"]
[Black "Oles, Martin"]
[Result "1-0"]
[WhiteTitle "k"]
[BlackTitle "I"]
[WhiteElo "1856"]
[BlackElo "1682"]

1. d4 g6 2. c4 Bg7 3. Nf3 e6 4. g3 Ne7 5. Bg2 d5 6. O-O O-O 7. Qc2 Nbc6 8. Rd1
Na5 9. Nbd2 Nf5 10. e3 Nd6 11. c5 Ndc4 12. Nb1 Nc6 13. Bf1 Qf6 14. Ne1 e5 15.
Bxc4 dxc4 16. d5 Nd8 17. Qxc4 c6 18. Nc3 Bf5 19. f3 Kh8 20. e4 cxd5 21. exd5 a6
22. Ne4 Bxe4 23. fxe4 Rc8 24. b4 Qe7 25. Bb2 f5 26. Nf3 b5 27. Qe2 f4 28. Qg2
fxg3 29. hxg3 Nf7 30. Bc1 Nh6 31. Qh3 Rcd8 32. Kg2 Qf6 33. Rf1 Rc8 34. Bxh6 1-0

[Event "Druzynowe Mistrzostwa Polski Juniorow 2019 - II Liga"]
[Site "Szczyrk"]
[Date "1899-12-30"]
[Round "9.9"]
[White "Jendrowiak, Maciej"]
[Black "Kutowski, Marcel"]
[Result "0-1"]
[WhiteTitle "II"]
[BlackTitle "I"]
[WhiteElo "1507"]
[BlackElo "1659"]

1. d4 Nf6 2. c4 e6 3. Nf3 b6 4. g3 Bb7 5. Bg2 Bb4+ 6. Nbd2 O-O 7. a3 Be7 8. O-O
c6 9. b3 d5 10. e3 Nbd7 11. Bb2 Rc8 12. Qe2 h6 13. Rfd1 Qc7 14. Rac1 Qb8 15. Ne1
Rfd8 16. Nd3 c5 17. dxc5 Nxc5 18. Be5 Qa8 19. Nxc5 bxc5 20. cxd5 exd5 21. Bh3
Rc6 22. Bg2 Nd7 23. Bb2 Bf6 24. Bxf6 Nxf6 25. Nf3 d4 26. Nxd4 cxd4 27. Bxc6 Bxc6
28. Rxd4 Rxd4 29. exd4 Bh1 30. f4 Bf3 31. Qd2 Qd5 32. b4 g6 33. Rc5 Qe6 34. Re5
Qb3 35. Re3 Qb1+ 36. Re1 Qf5 37. Re5 Qb1+ 38. Re1 Qf5 39. Re5 Qg4 40. Qe3 Bd5
41. Qe2 Qc8 42. Qb2 Qg4 43. Qe2 Qc8 44. Qb2 Be4 45. Qd2 Qg4 46. b5 Qf3 47. Rxe4
Nxe4 48. Qc2 Qe3+ 49. Kf1 Nd2+ 50. Kg2 Qf3+ 51. Kh3 Ne4 52. Qc8+ Kh7 53. Qd7 Nf2+
54. Kh4 Qh5# 0-1

[Event "Druzynowe Mistrzostwa Polski Juniorow 2019 - II Liga"]
[Site "Szczyrk"]
[Date "1899-12-30"]
[Round "9.10"]
[White "Wilk, Igor"]
[Black "Kubik, Bartosz"]
[Result "1-0"]
[WhiteTitle "I"]
[BlackTitle "II"]
[WhiteElo "1689"]
[BlackElo "1264"]

1. e4 e5 2. Nf3 Nc6 3. Bc4 Bc5 4. O-O Nf6 5. d3 O-O 6. c3 d5 7. exd5 Nxd5 8. Re1
Bg4 9. h3 Bxf3 10. Qxf3 Nb6 11. Bb5 Qf6 12. Bxc6 bxc6 13. Qxf6 gxf6 14. b4 Bd6
15. Bh6 Rfe8 16. Re3 Kh8 17. Rf3 Re6 18. a3 a5 19. bxa5 Rxa5 20. Nd2 f5 21. Be3
f4 22. Bxb6 cxb6 23. Nc4 Rb5 24. Re1 f6 25. Rxf4 Rb3 26. d4 Rxc3 27. Nxd6 Rxd6
28. dxe5 fxe5 29. Rxe5 Rxa3 30. Rf7 Ra8 31. Ree7 Rh6 32. Rb7 b5 33. Rfc7 Re8 34.
Kh2 Kg8 35. g4 Rf6 36. Rg7+ Kf8 37. Rxh7 Kg8 38. Rhg7+ Kh8 39. Kg3 b4 40. Rgc7
Rfe6 41. Rxb4 R8e7 42. Rxe7 Rxe7 43. Rc4 Re6 44. f4 Kg7 45. g5 1-0

[Event "Druzynowe Mistrzostwa Polski Juniorow 2019 - II Liga"]
[Site "Szczyrk"]
[Date "1899-12-30"]
[Round "9.11"]
[White "Kroliczek, Gabriela"]
[Black "Pyzio, Amelia"]
[Result "1-0"]
[WhiteTitle "I++"]
[BlackTitle "I++"]
[WhiteElo "1664"]
[BlackElo "1616"]

1. d4 Nf6 2. c4 e6 3. Nf3 d5 4. Nc3 Be7 5. Bf4 O-O 6. e3 a6 7. c5 b6 8. b4 Nc6
9. a3 Bd7 10. Bd3 h6 11. h3 Re8 12. O-O Nh7 13. Qe2 b5 14. Bxb5 axb5 15. Nxb5
Ra4 16. Bxc7 Qa8 17. Bg3 Qa6 18. Nc3 Qxe2 19. Nxe2 Rea8 20. b5 Na5 21. Rfb1 f6
22. Nd2 Nc4 23. Nxc4 Rxc4 24. b6 Bc6 25. b7 Bxb7 26. Rxb7 Kf8 27. Nf4 Re8 28.
Nxe6+ Kg8 29. Nc7 Rd8 30. Nb5 Bf8 31. a4 1-0

[Event "Druzynowe Mistrzostwa Polski Juniorow 2019 - II Liga"]
[Site "Szczyrk"]
[Date "1899-12-30"]
[Round "9.12"]
[White "Straczek, Wiktoria"]
[Black "Cieslak, Jessica"]
[Result "1-0"]
[WhiteTitle "I"]
[BlackTitle "I"]
[WhiteElo "1316"]
[BlackElo "1332"]

1. e4 g6 2. Nc3 Bg7 3. f4 c6 4. Nf3 d5 5. e5 Bg4 6. d4 Qb6 7. Be2 Nh6 8. Na4 Qa5+
9. c3 Nf5 10. O-O Nd7 11. Bd2 Bxf3 12. Rxf3 b5 13. Nc5 Nxc5 14. dxc5 Qc7 15. Bd3
Nh6 16. Qe2 e6 17. Be3 O-O 18. Rh3 Kh8 19. g4 Ng8 20. Re1 Ne7 21. Bd2 a5 22. f5
exf5 23. gxf5 Qd7 24. Qf3 Nxf5 25. Bxf5 Qxf5 26. Qxf5 gxf5 27. Rf3 Rae8 28. Rxf5
Re6 29. Ref1 Rxe5 30. Rxf7 Rxf7 31. Rxf7 Re2 32. Bc1 d4 33. Rf3 dxc3 34. bxc3
Rxa2 35. Rd3 Rc2 36. Rd8+ Bf8 37. Bh6 1-0

[Event "Druzynowe Mistrzostwa Polski Juniorow 2019 - II Liga"]
[Site "Szczyrk"]
[Date "1899-12-30"]
[Round "9.13"]
[White "Burdzicki, Jan"]
[Black "Sanz, Wawer Daniel"]
[Result "0-1"]
[WhiteTitle "II+"]
[BlackTitle "k"]
[WhiteElo "1717"]
[BlackElo "2154"]

1. e4 c5 2. Nf3 g6 3. d4 cxd4 4. Nxd4 Bg7 5. c4 Nf6 6. Nc3 O-O 7. Be3 Nc6 8. Be2
d6 9. O-O Bd7 10. Qd2 Rc8 11. f3 a6 12. Rac1 e6 13. Nc2 Na5 14. b3 Ne8 15. Bd4
Bxd4+ 16. Qxd4 Nc6 17. Qd2 Qf6 18. Ne3 Rd8 19. Rfd1 Bc8 20. g3 Qg7 21. Nc2 f5
22. Nd4 Ne5 23. f4 Nf7 24. Nf3 Nf6 25. Qc2 e5 26. fxe5 Nxe5 27. Nxe5 dxe5 28.
Rxd8 Rxd8 29. Bf3 Qh6 30. Nd5 Nxd5 31. exd5 Qe3+ 32. Kg2 e4 33. Bd1 f4 34. Qc3
f3+ 35. Kh1 Qf2 36. Bxf3 exf3 37. Qc2 Qxc2 38. Rxc2 Re8 39. Kg1 Re2 40. Rxe2 fxe2
41. Kf2 Bg4 42. b4 b6 43. a4 Kf7 44. c5 bxc5 45. b5 axb5 46. axb5 Ke7 47. b6 Bc8
48. Kxe2 Kd6 49. g4 Bxg4+ 50. Kd3 Bc8 51. Ke4 Bb7 52. Kf4 Bxd5 53. Kg5 Kc6 54.
Kh6 Kxb6 55. Kxh7 Be4 56. Kh6 c4 57. h4 c3 58. h5 c2 59. hxg6 c1=Q+ 60. Kh7 Qg5
0-1

[Event "Druzynowe Mistrzostwa Polski Juniorow 2019 - II Liga"]
[Site "Szczyrk"]
[Date "1899-12-30"]
[Round "9.14"]
[White "Golecki, Jan"]
[Black "Burdzicki, Stanislaw"]
[Result "0-1"]
[WhiteTitle "I++"]
[BlackTitle "I"]
[WhiteElo "1947"]
[BlackElo "1660"]

1. e4 c5 2. Nf3 e6 3. d4 cxd4 4. Nxd4 Nc6 5. Nc3 Qc7 6. Be3 a6 7. Be2 Nf6 8. O-O
Bb4 9. Na4 Be7 10. Nxc6 bxc6 11. Nb6 Rb8 12. Nxc8 Qxc8 13. e5 Nd5 14. Bd4 Qc7
15. c4 Nf4 16. Bf3 O-O 17. Be4 f6 18. Re1 fxe5 19. Bxe5 d6 20. Bc3 Bf6 21. Bd2
d5 22. Bc2 Bxb2 23. Rb1 Bd4 24. Qg4 Rxb1 25. Bxb1 Rf6 26. g3 h5 27. Bxf4 Bxf2+
28. Kf1 hxg4 29. Bxc7 Bxg3+ 30. Ke2 Bxc7 31. cxd5 exd5 32. Rg1 Rf4 33. Bd3 Ra4
34. Ke3 Bb6+ 0-1

[Event "Druzynowe Mistrzostwa Polski Juniorow 2019 - II Liga"]
[Site "Szczyrk"]
[Date "1899-12-30"]
[Round "9.15"]
[White "Kaliszuk, Kamil"]
[Black "Mulawa, Cyprian"]
[Result "1-0"]
[WhiteTitle "I"]
[BlackTitle "II+"]
[WhiteElo "1834"]
[BlackElo "1454"]

1. d4 Nf6 2. c4 g6 3. Nc3 Bg7 4. e4 d6 5. h3 O-O 6. Be3 e5 7. d5 c6 8. g4 cxd5
9. cxd5 a6 10. Nge2 b5 11. Ng3 Ne8 12. Qd2 Nd7 13. f3 Nb6 14. h4 Nc4 15. Bxc4
bxc4 16. h5 f6 17. Qh2 Kf7 18. h6 Bh8 19. Qe2 Qc7 20. O-O Bd7 21. Rac1 Rc8 22.
Rc2 Rg8 23. f4 exf4 24. Rxf4 Rf8 25. Bd4 Kg8 26. Qd1 Qd8 27. Rcf2 Qe7 28. g5 f5
29. Bxh8 Kxh8 30. Qd4+ Qe5 31. exf5 Qxd4 32. Rxd4 gxf5 33. Nxf5 Rxf5 34. Rxf5
Bxf5 35. Rf4 Nc7 36. Rxf5 Nb5 37. Ne4 Kg8 38. a4 Nd4 39. Rf6 Re8 40. Nxd6 Re2
41. Nc8 Re8 42. Nb6 Re1+ 43. Kg2 Rb1 44. Nxc4 a5 45. d6 Ne6 46. Rxe6 Kf8 47. d7
1-0

[Event "Druzynowe Mistrzostwa Polski Juniorow 2019 - II Liga"]
[Site "Szczyrk"]
[Date "1899-12-30"]
[Round "9.16"]
[White "Wolski, Michal"]
[Black "Binek, Dawid"]
[Result "1-0"]
[WhiteTitle "II"]
[BlackTitle "II"]
[WhiteElo "1454"]
[BlackElo "1322"]

1. e4 e5 2. Nf3 Nc6 3. Bc4 Bc5 4. O-O Nf6 5. d4 Bxd4 6. Nxd4 Nxd4 7. f4 d6 8. fxe5
dxe5 9. Bg5 h6 10. Bxf6 gxf6 11. c3 Ne6 12. Qxd8+ Kxd8 13. Rxf6 Ke7 14. Rf2 Bd7
15. Nd2 Rhf8 16. Raf1 Nf4 17. Nf3 f6 18. Nh4 Be6 19. Bxe6 Kxe6 20. Nf5 Rh8 21.
Rd2 Rad8 22. Rfd1 Rxd2 23. Rxd2 h5 24. g3 Nh3+ 25. Kg2 Ng5 26. Re2 Nxe4 27. Ng7+
Kd5 28. c4+ Kd4 29. Nf5+ Kxc4 30. Rxe4+ Kd3 31. Re3+ Kd2 32. Rc3 c6 33. Nd6 f5
34. Nxf5 e4 35. Nd6 Rh7 36. Nxe4+ Ke2 37. Ra3 a6 38. Rb3 b5 39. Rc3 Rc7 40. Nc5
a5 41. Ne6 Rc8 42. Nd4+ Kd2 43. Rxc6 Rxc6 44. Nxc6 a4 45. h4 1-0

[Event "Druzynowe Mistrzostwa Polski Juniorow 2019 - II Liga"]
[Site "Szczyrk"]
[Date "1899-12-30"]
[Round "9.17"]
[White "Orlik, Sandra"]
[Black "Trzaskowska, Hanna"]
[Result "1-0"]
[WhiteTitle "I++"]
[BlackTitle "I"]
[WhiteElo "1805"]
[BlackElo "1628"]

1. e4 c5 2. c4 g6 3. Nc3 Bg7 4. Nge2 Nc6 5. g3 Nf6 6. Bg2 O-O 7. O-O d6 8. d3 Bg4
9. f3 Bd7 10. Be3 Ne8 11. Qd2 Nc7 12. d4 cxd4 13. Nxd4 Nxd4 14. Bxd4 Bxd4+ 15.
Qxd4 Ne6 16. Qe3 Rc8 17. Qxa7 b6 18. Nd5 Rb8 19. Qa3 Nc7 20. Rfe1 Re8 21. f4 Nxd5
22. exd5 Qc7 23. b3 Ra8 24. Qb4 Ra7 25. a4 Qc5+ 26. Qxc5 bxc5 27. Be4 Kf8 28.
Kf2 Rb8 29. Bc2 h5 30. Ra2 Ke8 31. Ke3 Bg4 32. Kd2 Kd8 33. Kc3 Bc8 34. a5 Ba6
35. Ra4 Rab7 36. Rb1 Rb4 37. Rxb4 Rxb4 38. f5 g5 39. h3 Ke8 40. Rf1 f6 41. Bd1
h4 42. gxh4 gxh4 43. Rf4 Rb8 44. Rxh4 Kd7 45. Rh6 Rg8 46. Rg6 Rh8 47. Bg4 Kc7
48. Rg7 Kd7 49. b4 cxb4+ 50. Kxb4 Rb8+ 51. Kc3 Rc8 52. Be2 Rh8 53. Rg3 Rh4 54.
Bg4 Rh8 55. Kd4 Rc8 56. Be2 Rh8 57. Rb3 Kc7 58. Bg4 Rc8 59. Rb6 Ra8 60. Rb1 Kd7
61. h4 Rc8 62. Be2 Ke8 63. h5 Kf7 64. Rg1 Rh8 65. Rg6 Rh7 66. h6 Bc8 67. Ke4 Ba6
68. Kd4 Kf8 69. Bd1 Kf7 70. Ba4 Bc8 71. Ke4 Bb7 72. Bd7 Kf8 73. Be6 Rh8 74. h7
1-0

[Event "Druzynowe Mistrzostwa Polski Juniorow 2019 - II Liga"]
[Site "Szczyrk"]
[Date "1899-12-30"]
[Round "9.18"]
[White "Moscicka, Alicja"]
[Black "Bienek, Magdalena"]
[Result "0-1"]
[WhiteTitle "II"]
[BlackTitle "II"]
[WhiteElo "1000"]
[BlackElo "1104"]

1. e4 c5 2. Nf3 Nc6 3. c3 e6 4. d4 d5 5. e5 cxd4 6. cxd4 Bd7 7. Bd2 Qb6 8. Bc3
Bb4 9. Qd2 Rc8 10. Be2 Nge7 11. O-O Nf5 12. Rd1 O-O 13. Qd3 Na5 14. Nbd2 Bxc3
15. bxc3 Nc4 16. Rdb1 Qa6 17. Rc1 Nxd2 18. Qxd2 Bb5 19. Bxb5 Qxb5 20. Rab1 Qc6
21. Qb2 Rc7 22. Rc2 a6 23. Qb6 Qxb6 24. Rxb6 Rfc8 25. Rb3 b5 26. a3 Rc4 27. Rb4
Rxc3 28. Rxc3 Rxc3 29. Nd2 Rxa3 30. Rb1 Nxd4 31. Kf1 Ra2 32. Ke1 Kf8 33. f4 Rc2
34. Kd1 Rc7 35. Rc1 Rxc1+ 36. Kxc1 Ne2+ 37. Kb2 Nxf4 38. g3 Nd3+ 39. Kc3 Nxe5
40. Nb3 Nc4 41. Kb4 a5+ 42. Nxa5 Nxa5 43. Kxa5 Ke7 44. Kxb5 Kd6 45. Kb4 Ke5 46.
Kc3 Ke4 47. Kd2 Kd4 48. h3 e5 49. g4 e4 50. Ke2 e3 51. h4 Kc3 52. Kxe3 d4+ 53.
Ke2 Kc2 54. g5 d3+ 55. Ke1 d2+ 56. Kf2 d1=Q 0-1

[Event "Druzynowe Mistrzostwa Polski Juniorow 2019 - II Liga"]
[Site "Szczyrk"]
[Date "1899-12-30"]
[Round "9.19"]
[White "Gorkiewicz, Mateusz"]
[Black "Krawczyk, Wojciech"]
[Result "1/2-1/2"]
[WhiteTitle "I"]
[BlackTitle "I"]
[WhiteElo "1985"]
[BlackElo "1780"]

1. e4 d5 2. exd5 Qxd5 3. Nf3 Bg4 4. Be2 Nf6 5. d4 c6 6. Be3 e6 7. O-O Qa5 8. c4
Qc7 9. Nc3 Nbd7 10. a3 Bd6 11. h3 Bh5 12. b4 Bf4 13. Qd2 Bxe3 14. fxe3 Bg6 15.
Bd3 e5 16. Bxg6 hxg6 17. e4 exd4 18. Qxd4 O-O 19. e5 Nh7 20. Ne4 Rad8 21. Rad1
Rfe8 22. Nd6 Re7 23. c5 b6 24. Rde1 Ndf8 25. Qc3 Ne6 26. Nd2 a5 27. Rf2 axb4 28.
axb4 bxc5 29. bxc5 Qa7 30. Nb3 Nc7 31. Ra1 Qb8 32. Na5 Nb5 33. Qf3 Nd4 34. Qd1
Qb4 35. Rf4 Ne2+ 36. Qxe2 Qxc5+ 37. Kh1 Rxd6 38. Nb7 Rxb7 39. exd6 Qxd6 40. Qe8+
Nf8 41. Rff1 Re7 42. Qc8 Rc7 43. Qe8 Re7 44. Qa8 Re3 45. Qc8 Qe6 46. Qxe6 Rxe6
47. Ra8 f6 48. Rc8 Kf7 49. Rc1 g5 50. R8xc6 Rxc6 51. Rxc6 Ne6 52. g3 f5 53. Kg2
g6 54. Ra6 Nc5 55. Rb6 Ne6 56. Kf3 Kf6 57. g4 Ke5 58. Rb5+ Kf6 59. Ra5 Ke7 60.
Kg3 Kf6 61. Rd5 Nf4 62. Rc5 Ne6 63. Ra5 Nf4 64. h4 Ne6 65. Ra6 gxh4+ 66. Kxh4
fxg4 67. Kxg4 Ke5 68. Ra5+ Kf6 69. Kf3 Ng5+ 70. Kf4 Ne6+ 71. Kg4 Ke7 72. Ra6 Kf6
73. Kf3 1/2-1/2

[Event "Druzynowe Mistrzostwa Polski Juniorow 2019 - II Liga"]
[Site "Szczyrk"]
[Date "1899-12-30"]
[Round "9.20"]
[White "Wrona, Florian"]
[Black "Lambrecht, Tomasz"]
[Result "1/2-1/2"]
[WhiteTitle "I"]
[BlackTitle "II+"]
[WhiteElo "1567"]
[BlackElo "1601"]

1. e4 c5 2. Nf3 g6 3. d4 Bg7 4. Bc4 cxd4 5. Nxd4 Nc6 6. Be3 Qa5+ 7. c3 Nf6 8. Nxc6
bxc6 9. f3 O-O 10. O-O d5 11. exd5 cxd5 12. Bb3 Rd8 13. Bd4 e6 14. Re1 Bb7 15.
Na3 Nd7 16. f4 Bf8 17. Nc2 Qc7 18. Qg4 a5 19. Ba4 Nc5 20. Bb5 Qb6 21. a4 Qc7 22.
Rad1 Ba6 23. Be5 Qb6 24. Nd4 Nb3 25. Qg5 Bg7 26. Bxg7 Kxg7 27. Bxa6 Nxd4 28. Qe5+
Kg8 29. Qxd4 Rxa6 30. Re2 Qxd4+ 31. Rxd4 Rc8 32. Rc2 Rb6 33. Kf2 Kf8 34. Ke2 Rcb8
35. Rdd2 Ke7 36. g3 Rc8 37. Rd4 Kd6 38. Kd1 Rbc6 39. Kd2 h6 40. b4 axb4 41. Rxb4
Ra6 1/2-1/2

[Event "Druzynowe Mistrzostwa Polski Juniorow 2019 - II Liga"]
[Site "Szczyrk"]
[Date "1899-12-30"]
[Round "9.21"]
[White "Kolodziejski, Piotr"]
[Black "Knapik, Kamil"]
[Result "1/2-1/2"]
[WhiteTitle "I"]
[BlackTitle "II+"]
[WhiteElo "1666"]
[BlackElo "1583"]

1. e4 c5 2. Nc3 e6 3. f4 d5 4. Bb5+ Nc6 5. Bxc6+ bxc6 6. d3 Nf6 7. b3 Be7 8. Nf3
O-O 9. O-O a5 10. Ba3 Qb6 11. Kh1 Re8 12. h3 h5 13. Na4 Qa7 14. e5 Nd7 15. c4
d4 16. Nd2 g6 17. Ne4 Kg7 18. g3 Ba6 19. Kg2 Bb5 20. cxb5 cxb5 21. Bxc5 Nxc5 22.
Naxc5 Bxc5 23. Rc1 Rec8 24. Rf2 Bb4 25. Rfc2 Bc3 26. Nxc3 dxc3 27. Rxc3 Rxc3 28.
Rxc3 Qe3 29. Qc2 Rd8 30. Qf2 Qxf2+ 31. Kxf2 b4 32. Rc5 Rxd3 33. Rxa5 Rd2+ 34.
Ke3 Rg2 35. Kf3 Rc2 36. h4 Rc3+ 37. Kg2 Rc2+ 38. Kh3 Rb2 39. Ra4 Rc2 40. Rxb4
Rxa2 41. Rb7 Rb2 42. b4 Kf8 43. b5 Kg7 44. Rb8 Kh7 45. b6 Kg7 46. Rb7 Kf8 47.
Rb8+ Kg7 48. b7 Kh7 1/2-1/2